Distributed systems : concepts and design
Guardat en:
| Format: | Llibre |
|---|---|
| Publicat: |
Pearson
|
| Etiquetes: |
Sense etiquetes, Sigues el primer a etiquetar aquest registre!
|
MARC
| LEADER | 00000nam a2200000Ia 4500 | ||
|---|---|---|---|
| 005 | 20260515061615.0 | ||
| 020 | |a 9789332575226 | ||
| 942 | |c BK | ||
| 245 | |a Distributed systems : concepts and design | ||
| 260 | |b Pearson | ||
| 999 | |c 21 |d 21 | ||
| 952 | |0 0 |1 0 |4 0 |7 0 |a ABDN |b ABDN |d 2026-05-15 |l 0 |p 000057 |r 2026-05-15 06:16:15 |w 2026-05-15 |y BK | ||